[Event "World Chess Olympiad 2018"]
[Site "Batumi"]
[Date "2018.10.05"]
[Round "11"]
[Board "1"]
[WhiteFideId "11101644"]
[White "Husbands Orlando"]
[BlackFideId "4500261"]
[Black "Kulaots Kaido"]
[Result "0-1"]
[LiveChessVersion "1.4.8"]
[BlackElo "2542"]
[WhiteElo "2262"]

1. e4 {[%clk 1:30:57]} c5 {[%clk 1:30:35]} 2. Nf3 {[%clk 1:31:23]} e6
{[%clk 1:30:43]} 3. d4 {[%clk 1:31:51]} cxd4 {[%clk 1:31:06]} 4. Nxd4
{[%clk 1:32:12]} Nc6 {[%clk 1:31:27]} 5. Nc3 {[%clk 1:32:36]} Qc7
{[%clk 1:31:45]} 6. Be2 {[%clk 1:33:03]} Nf6 {[%clk 1:29:05]} 7. O-O
{[%clk 1:33:30]} Be7 {[%clk 1:27:19]} 8. Be3 {[%clk 1:33:57]} d6 {[%clk 1:26:57]}
9. f4 {[%clk 1:33:10]} O-O {[%clk 1:26:53]} 10. Nb3 {[%clk 1:30:26]} a6
{[%clk 1:23:26]} 11. a4 {[%clk 1:30:54]} b6 {[%clk 1:22:40]} 12. Bf3
{[%clk 1:19:56]} Bb7 {[%clk 1:22:25]} 13. Qe1 {[%clk 1:19:20]} Rfe8
{[%clk 1:21:06]} 14. Qf2 {[%clk 1:08:38]} Nd7 {[%clk 1:20:59]} 15. Rad1
{[%clk 1:09:06]} Rab8 {[%clk 1:18:44]} 16. g4 {[%clk 1:02:58]} Na5
{[%clk 1:16:13]} 17. g5 {[%clk 1:00:41]} Nc4 {[%clk 1:13:15]} 18. Bc1
{[%clk 1:01:09]} Bf8 {[%clk 1:12:18]} 19. Nd4 {[%clk 0:57:21]} e5
{[%clk 1:02:55]} 20. Nde2 {[%clk 0:57:08]} d5 {[%clk 0:57:36]} 21. Nxd5
{[%clk 0:55:11]} Bxd5 {[%clk 0:57:35]} 22. Rxd5 {[%clk 0:55:39]} Bc5
{[%clk 0:56:39]} 23. Rxc5 {[%clk 0:56:07]} Qxc5 {[%clk 0:55:46]} 24. b3
{[%clk 0:55:39]} Na5 {[%clk 0:49:01]} 25. Qxc5 {[%clk 0:51:21]} bxc5
{[%clk 0:49:18]} 26. Bg4 {[%clk 0:51:44]} Rbd8 {[%clk 0:37:46]} 27. Nc3
{[%clk 0:50:40]} exf4 {[%clk 0:34:22]} 28. Bxf4 {[%clk 0:51:04]} Ne5
{[%clk 0:33:49]} 29. Be2 {[%clk 0:51:27]} c4 {[%clk 0:31:45]} 30. Nd5
{[%clk 0:48:52]} cxb3 {[%clk 0:30:13]} 31. cxb3 {[%clk 0:49:21]} Nxb3
{[%clk 0:28:04]} 32. Bxa6 {[%clk 0:47:57]} Nd4 {[%clk 0:24:17]} 33. Kg2
{[%clk 0:46:13]} Ng6 {[%clk 0:20:09]} 34. Bc7 {[%clk 0:36:10]} Ra8
{[%clk 0:19:27]} 35. Bb5 {[%clk 0:36:31]} Rxe4 {[%clk 0:16:51]} 36. Bg3
{[%clk 0:29:57]} Nxb5 {[%clk 0:13:38]} 37. axb5 {[%clk 0:30:26]} Rd4
{[%clk 0:06:12]} 38. b6 {[%clk 0:27:58]} Rxd5 {[%clk 0:03:30]} 39. b7
{[%clk 0:27:30]} Ra2+ {[%clk 0:01:50]} 40. Rf2 {[%clk 0:57:53]} Rxf2+
{[%clk 0:32:09]} 41. Kxf2 {[%clk 0:58:20]} Rb5 {[%clk 0:32:23]} 42. b8=Q+
{[%clk 0:58:10]} Rxb8 {[%clk 0:32:50]} 43. Bxb8 {[%clk 0:58:30]} Kf8
{[%clk 0:33:06]} 44. Bd6+ {[%clk 0:58:23]} Ke8 {[%clk 0:31:53]} 45. Kg3
{[%clk 0:57:54]} Kd7 {[%clk 0:31:50]} 46. Ba3 {[%clk 0:58:23]} Ke6
{[%clk 0:32:00]} 47. Kg4 {[%clk 0:58:33]} Ne5+ {[%clk 0:29:26]} 48. Kf4
{[%clk 0:58:48]} Kd5 {[%clk 0:28:42]} 49. Kf5 {[%clk 0:58:14]} Nd7
{[%clk 0:24:30]} 50. Bb2 {[%clk 0:57:40]} g6+ {[%clk 0:24:53]} 51. Kf4
{[%clk 0:57:25]} Nc5 {[%clk 0:25:17]} 52. Bf6 {[%clk 0:56:21]} Ne4
{[%clk 0:22:07]} 53. Ba1 {[%clk 0:54:53]} Nd6 {[%clk 0:22:19]} 54. Bb2
{[%clk 0:54:03]} Nf5 {[%clk 0:19:02]} 55. Bf6 {[%clk 0:51:37]} Nd4
{[%clk 0:18:49]} 56. Ke3 {[%clk 0:51:07]} Ne6 {[%clk 0:16:32]} 57. Kd3
{[%clk 0:50:01]} Nc5+ {[%clk 0:16:24]} 58. Ke3 {[%clk 0:49:29]} Ne4
{[%clk 0:16:41]} 59. Bd8 {[%clk 0:49:56]} Ke5 {[%clk 0:16:58]} 60. h4
{[%clk 0:49:22]} Kf5 {[%clk 0:17:06]} 61. Kf3 {[%clk 0:49:23]} Nd2+
{[%clk 0:16:39]} 62. Ke2 {[%clk 0:47:31]} Nc4 {[%clk 0:16:32]} 63. Kf3
{[%clk 0:47:37]} Ne5+ {[%clk 0:16:53]} 64. Kg3 {[%clk 0:47:56]} Ke4
{[%clk 0:16:44]} 65. Bf6 {[%clk 0:47:13]} Nd3 {[%clk 0:16:43]} 66. Kg4
{[%clk 0:45:11]} Ke3 {[%clk 0:14:51]} 67. Kg3 {[%clk 0:44:24]} Nf4
{[%clk 0:14:47]} 68. Bd8 {[%clk 0:42:41]} Ne2+ {[%clk 0:14:40]} 69. Kg4
{[%clk 0:43:09]} Ke4 {[%clk 0:10:57]} 70. Bc7 {[%clk 0:41:47]} Nd4
{[%clk 0:11:13]} 71. Bd8 {[%clk 0:41:47]} Nf5 {[%clk 0:11:32]} 72. Bb6
{[%clk 0:39:39]} Kd3 {[%clk 0:10:34]} 73. Bc5 {[%clk 0:38:59]} Ng7
{[%clk 0:09:05]} 74. Be7 {[%clk 0:37:51]} Ke3 {[%clk 0:09:09]} 75. Bf6
{[%clk 0:37:29]} Nf5 {[%clk 0:08:25]} 76. Bd8 {[%clk 0:37:22]} Kf2
{[%clk 0:07:51]} 77. Bb6+ {[%clk 0:36:49]} Kg2 {[%clk 0:07:55]} 78. Bc5
{[%clk 0:36:49]} Ng3 {[%clk 0:07:35]} 79. Bb6 {[%clk 0:36:17]} Nf1
{[%clk 0:06:04]} 80. Ba7 {[%clk 0:29:40]} Nh2+ {[%clk 0:06:02]} 81. Kf4
{[%clk 0:30:08]} Nf3 {[%clk 0:05:17]} 82. Kg4 {[%clk 0:28:50]} Ne5+
{[%clk 0:05:23]} 83. Kf4 {[%clk 0:29:18]} Nc6 {[%clk 0:05:20]} 84. Bc5
{[%clk 0:29:45]} Kh3 {[%clk 0:05:37]} 85. Bf2 {[%clk 0:30:03]} Nb4
{[%clk 0:05:36]} 86. Ke4 {[%clk 0:29:42]} Kg4 {[%clk 0:05:39]} 87. Be1
{[%clk 0:29:24]} Nc6 {[%clk 0:05:29]} 88. Kd5 {[%clk 0:25:35]} Ne7+
{[%clk 0:05:43]} 89. Ke5 {[%clk 0:26:03]} Nf5 {[%clk 0:05:50]} 90. Kf6
{[%clk 0:26:23]} Nxh4 {[%clk 0:05:55]} 91. Bd2 {[%clk 0:26:44]} Nf3
{[%clk 0:03:49]} 92. Bc1 {[%clk 0:27:12]} Nxg5 {[%clk 0:03:38]} 93. Bxg5
{[%clk 0:27:39]} h5 {[%clk 0:04:00]} 94. Be3 {[%clk 0:25:48]} h4 {[%clk 0:03:42]}
95. Kxf7 {[%clk 0:25:19]} Kf3 {[%clk 0:03:24]} 96. Bb6 {[%clk 0:15:51]} h3
{[%clk 0:03:41]} 97. Bc7 {[%clk 0:16:03]} g5 {[%clk 0:04:03]} 98. Kg6
{[%clk 0:16:11]} g4 {[%clk 0:04:25]} 99. Kh5 {[%clk 0:16:37]} g3 {[%clk 0:04:46]}
100. Kh4 {[%clk 0:17:06]} h2 {[%clk 0:05:05]} 0-1

[Event "World Chess Olympiad 2018"]
[Site "Batumi"]
[Date "2018.10.05"]
[Round "11"]
[Board "2"]
[WhiteFideId "4500024"]
[White "Ladva Ottomar"]
[BlackFideId "11100400"]
[Black "Del Castilho Martyn"]
[Result "1-0"]
[LiveChessVersion "1.4.8"]
[BlackElo "2250"]
[WhiteElo "2500"]

1. c4 {[%clk 1:30:56]} e6 {[%clk 1:30:37]} 2. g3 {[%clk 1:30:48]} Nf6
{[%clk 1:30:43]} 3. Bg2 {[%clk 1:31:06]} d5 {[%clk 1:30:55]} 4. Nf3
{[%clk 1:30:14]} Be7 {[%clk 1:28:32]} 5. d4 {[%clk 1:30:09]} O-O {[%clk 1:28:50]}
6. O-O {[%clk 1:30:34]} c6 {[%clk 1:28:41]} 7. Nc3 {[%clk 1:30:39]} Nbd7
{[%clk 1:28:31]} 8. Nd2 {[%clk 1:29:09]} b6 {[%clk 1:27:41]} 9. e4
{[%clk 1:29:06]} Bb7 {[%clk 1:26:34]} 10. cxd5 {[%clk 1:24:30]} cxd5
{[%clk 1:25:16]} 11. e5 {[%clk 1:24:48]} Ne8 {[%clk 1:25:29]} 12. f4
{[%clk 1:24:22]} b5 {[%clk 1:16:05]} 13. f5 {[%clk 1:14:07]} Qb6 {[%clk 1:14:42]}
14. Nf3 {[%clk 1:12:21]} exf5 {[%clk 1:08:27]} 15. Qd3 {[%clk 1:07:56]} b4
{[%clk 0:57:13]} 16. Qxf5 {[%clk 1:07:13]} Nxe5 {[%clk 0:52:18]} 17. Qxe5
{[%clk 1:03:57]} Bf6 {[%clk 0:51:59]} 18. Nxd5 {[%clk 1:02:00]} Bxe5
{[%clk 0:44:34]} 19. Nxb6 {[%clk 1:02:24]} Bxf3 {[%clk 0:44:32]} 20. Nxa8
{[%clk 1:02:21]} Bxd4+ {[%clk 0:44:40]} 21. Kh1 {[%clk 1:02:48]} Bxg2+
{[%clk 0:44:36]} 22. Kxg2 {[%clk 1:03:15]} Nf6 {[%clk 0:44:40]} 23. Nc7
{[%clk 1:03:39]} Rc8 {[%clk 0:44:56]} 24. Bf4 {[%clk 1:04:03]} 1-0

[Event "World Chess Olympiad 2018"]
[Site "Batumi"]
[Date "2018.10.05"]
[Round "11"]
[Board "4"]
[WhiteFideId "4500458"]
[White "Sirosh Ilja"]
[BlackFideId "11101660"]
[Black "Prescod Bryan"]
[Result "1-0"]
[LiveChessVersion "1.4.8"]
[BlackElo "2039"]
[WhiteElo "2380"]

1. d4 {[%clk 1:30:57]} Nf6 {[%clk 1:30:48]} 2. c4 {[%clk 1:31:22]} e6
{[%clk 1:31:03]} 3. g3 {[%clk 1:31:49]} d5 {[%clk 1:31:17]} 4. Nf3
{[%clk 1:32:03]} Bb4+ {[%clk 1:31:31]} 5. Bd2 {[%clk 1:32:27]} Be7
{[%clk 1:31:48]} 6. Bg2 {[%clk 1:32:52]} O-O {[%clk 1:31:49]} 7. O-O
{[%clk 1:33:18]} c6 {[%clk 1:32:03]} 8. Qb3 {[%clk 1:33:13]} Nbd7
{[%clk 1:30:15]} 9. Bf4 {[%clk 1:33:28]} b6 {[%clk 1:30:19]} 10. Nc3
{[%clk 1:33:29]} Nh5 {[%clk 1:25:33]} 11. Be3 {[%clk 1:28:54]} Bb7
{[%clk 1:22:47]} 12. cxd5 {[%clk 1:27:58]} cxd5 {[%clk 1:22:58]} 13. Rfc1
{[%clk 1:26:32]} Rc8 {[%clk 1:17:33]} 14. a4 {[%clk 1:24:51]} a6 {[%clk 1:15:35]}
15. Ne5 {[%clk 1:14:29]} Nhf6 {[%clk 1:02:38]} 16. Nd3 {[%clk 1:12:14]} Bd6
{[%clk 0:58:17]} 17. a5 {[%clk 1:09:56]} b5 {[%clk 0:58:15]} 18. Bf4
{[%clk 1:10:02]} Bxf4 {[%clk 0:57:08]} 19. gxf4 {[%clk 1:09:53]} Rc4
{[%clk 0:57:19]} 20. e3 {[%clk 1:08:58]} Qc7 {[%clk 0:55:09]} 21. Bf1
{[%clk 0:57:58]} Rc8 {[%clk 0:40:05]} 22. Qa3 {[%clk 0:51:27]} Ba8
{[%clk 0:34:36]} 23. Na2 {[%clk 0:45:20]} Qb7 {[%clk 0:19:25]} 24. Nab4
{[%clk 0:14:30]} Ne4 {[%clk 0:14:45]} 25. b3 {[%clk 0:13:16]} Rxc1
{[%clk 0:06:02]} 26. Rxc1 {[%clk 0:13:42]} f6 {[%clk 0:06:16]} 27. Bg2
{[%clk 0:10:48]} Rxc1+ {[%clk 0:02:04]} 28. Qxc1 {[%clk 0:11:09]} Nd6
{[%clk 0:02:27]} 29. Nc5 {[%clk 0:10:30]} Nxc5 {[%clk 0:01:49]} 30. Qxc5
{[%clk 0:07:42]} Nc8 {[%clk 0:02:06]} 31. f5 {[%clk 0:07:57]} Kf7
{[%clk 0:01:23]} 32. fxe6+ {[%clk 0:08:21]} 1-0

[Event "World Chess Olympiad 2018"]
[Site "Batumi"]
[Date "2018.10.05"]
[Round "11"]
[Board "1"]
[WhiteFideId "10200444"]
[White "Mollah Abdullah Al Rakib"]
[BlackFideId "3508684"]
[Black "Sanchez Alvarez Roberto Carlos"]
[Result "0-1"]
[LiveChessVersion "1.4.8"]
[BlackElo "2391"]
[WhiteElo "2472"]

1. d4 {[%clk 1:30:53]} Nf6 {[%clk 1:30:40]} 2. Nf3 {[%clk 1:31:05]} d5
{[%clk 1:30:37]} 3. c4 {[%clk 1:31:19]} e6 {[%clk 1:30:40]} 4. Nc3
{[%clk 1:31:25]} Be7 {[%clk 1:29:26]} 5. Bg5 {[%clk 1:30:49]} h6 {[%clk 1:29:44]}
6. Bxf6 {[%clk 1:30:48]} Bxf6 {[%clk 1:30:12]} 7. Qb3 {[%clk 1:31:01]} c6
{[%clk 1:29:36]} 8. Rd1 {[%clk 1:30:28]} Nd7 {[%clk 1:27:50]} 9. e4
{[%clk 1:23:01]} dxe4 {[%clk 1:27:18]} 10. Nxe4 {[%clk 1:23:22]} Qa5+
{[%clk 1:26:46]} 11. Rd2 {[%clk 1:22:30]} Be7 {[%clk 1:24:55]} 12. Bd3
{[%clk 1:09:52]} e5 {[%clk 1:22:37]} 13. dxe5 {[%clk 0:48:49]} Nxe5
{[%clk 1:20:58]} 14. Nxe5 {[%clk 0:49:01]} Qxe5 {[%clk 1:21:16]} 15. O-O
{[%clk 0:48:58]} O-O {[%clk 1:13:37]} 16. Re2 {[%clk 0:47:55]} Qd4
{[%clk 0:53:13]} 17. Ng3 {[%clk 0:44:13]} Bf6 {[%clk 0:46:59]} 18. Bf5
{[%clk 0:41:20]} Bxf5 {[%clk 0:45:37]} 19. Nxf5 {[%clk 0:40:27]} Qf4
{[%clk 0:39:34]} 20. Ng3 {[%clk 0:38:36]} b6 {[%clk 0:32:57]} 21. Re4
{[%clk 0:25:33]} Qd6 {[%clk 0:28:25]} 22. Nf5 {[%clk 0:22:18]} Qc5
{[%clk 0:28:43]} 23. Qf3 {[%clk 0:20:37]} Bxb2 {[%clk 0:25:14]} 24. Rb1
{[%clk 0:14:06]} Qa3 {[%clk 0:24:23]} 25. Qg4 {[%clk 0:08:43]} Kh7
{[%clk 0:23:39]} 26. Re3 {[%clk 0:06:50]} Qxa2 {[%clk 0:23:09]} 27. Qe4
{[%clk 0:05:24]} g6 {[%clk 0:21:14]} 28. Qc2 {[%clk 0:05:16]} gxf5
{[%clk 0:20:12]} 29. Qxf5+ {[%clk 0:04:13]} Kh8 {[%clk 0:20:06]} 30. Qc2
{[%clk 0:03:33]} Rae8 {[%clk 0:17:39]} 31. Rxb2 {[%clk 0:02:02]} Rxe3
{[%clk 0:17:38]} 32. fxe3 {[%clk 0:02:24]} Qa5 {[%clk 0:17:39]} 33. Qf2
{[%clk 0:02:38]} Qa1+ {[%clk 0:18:04]} 0-1

[Event "World Chess Olympiad 2018"]
[Site "Batumi"]
[Date "2018.10.05"]
[Round "11"]
[Board "2"]
[WhiteFideId "6600247"]
[White "Baules Jorge"]
[BlackFideId "10200037"]
[Black "Rahman Ziaur"]
[Result "0-1"]
[LiveChessVersion "1.4.8"]
[BlackElo "2477"]
[WhiteElo "2358"]

1. e4 {[%clk 1:30:56]} c5 {[%clk 1:29:42]} 2. c3 {[%clk 1:30:53]} Nf6
{[%clk 1:29:45]} 3. e5 {[%clk 1:31:17]} Nd5 {[%clk 1:30:11]} 4. d4
{[%clk 1:31:42]} cxd4 {[%clk 1:30:25]} 5. Nf3 {[%clk 1:32:10]} e6
{[%clk 1:30:38]} 6. cxd4 {[%clk 1:32:32]} d6 {[%clk 1:29:33]} 7. a3
{[%clk 1:29:29]} Bd7 {[%clk 1:27:26]} 8. Nbd2 {[%clk 1:22:36]} Bc6
{[%clk 1:13:43]} 9. Ne4 {[%clk 1:19:46]} Qc7 {[%clk 1:03:09]} 10. Bd3
{[%clk 1:14:04]} Nd7 {[%clk 1:03:01]} 11. b4 {[%clk 0:59:01]} a6 {[%clk 0:59:48]}
12. O-O {[%clk 0:49:03]} dxe5 {[%clk 0:55:16]} 13. Re1 {[%clk 0:49:27]} Be7
{[%clk 0:54:58]} 14. Bb2 {[%clk 0:40:45]} Nf4 {[%clk 0:49:35]} 15. Bf1
{[%clk 0:34:39]} f5 {[%clk 0:44:26]} 16. Neg5 {[%clk 0:34:57]} Bxf3
{[%clk 0:38:41]} 17. Nxe6 {[%clk 0:26:39]} Nxe6 {[%clk 0:32:57]} 18. Qxf3
{[%clk 0:27:07]} Qb6 {[%clk 0:21:01]} 19. Qxf5 {[%clk 0:23:33]} g6
{[%clk 0:21:21]} 20. Qe4 {[%clk 0:21:00]} Rf8 {[%clk 0:19:19]} 21. Rac1
{[%clk 0:06:59]} Nxd4 {[%clk 0:14:32]} 22. Red1 {[%clk 0:00:35]} Nc6
{[%clk 0:12:36]} 23. Rc2 {[%clk 0:00:36]} O-O-O {[%clk 0:10:06]} 24. Bc1
{[%clk 0:00:32]} Nf6 {[%clk 0:09:14]} 25. Rxd8+ {[%clk 0:01:00]} Bxd8
{[%clk 0:08:37]} 26. Qxe5 {[%clk 0:00:33]} Qxf2+ {[%clk 0:08:28]} 27. Kxf2
{[%clk 0:00:55]} Ng4+ {[%clk 0:08:54]} 28. Kg3 {[%clk 0:01:17]} Ngxe5
{[%clk 0:09:19]} 0-1

[Event "World Chess Olympiad 2018"]
[Site "Batumi"]
[Date "2018.10.05"]
[Round "11"]
[Board "3"]
[WhiteFideId "10207791"]
[White "Mohammad Fahad Rahman"]
[BlackFideId "6100538"]
[Black "Ramos Efren Andres"]
[Result "1-0"]
[LiveChessVersion "1.4.8"]
[BlackElo "2244"]
[WhiteElo "2263"]

1. e4 {[%clk 1:30:52]} c6 {[%clk 1:30:56]} 2. Nc3 {[%clk 1:31:09]} d5
{[%clk 1:31:18]} 3. Nf3 {[%clk 1:31:27]} dxe4 {[%clk 1:31:44]} 4. Nxe4
{[%clk 1:31:49]} Nf6 {[%clk 1:32:11]} 5. Qe2 {[%clk 1:31:48]} Nxe4
{[%clk 1:32:38]} 6. Qxe4 {[%clk 1:32:10]} Qd5 {[%clk 1:32:57]} 7. Qh4
{[%clk 1:32:03]} Bf5 {[%clk 1:32:46]} 8. Bc4 {[%clk 1:32:14]} Qd6
{[%clk 1:32:17]} 9. O-O {[%clk 1:28:24]} e6 {[%clk 1:32:10]} 10. d3
{[%clk 1:22:08]} Be7 {[%clk 1:30:28]} 11. Bf4 {[%clk 1:18:01]} Bxh4
{[%clk 1:28:37]} 12. Bxd6 {[%clk 1:18:24]} Bf6 {[%clk 1:26:38]} 13. a4
{[%clk 1:17:48]} Nd7 {[%clk 1:21:14]} 14. a5 {[%clk 1:18:08]} Bg4
{[%clk 1:21:18]} 15. Nd2 {[%clk 1:12:29]} Be7 {[%clk 1:16:14]} 16. Bf4
{[%clk 1:01:46]} Nf6 {[%clk 1:12:40]} 17. Be5 {[%clk 0:49:05]} Nd7
{[%clk 1:11:52]} 18. Bf4 {[%clk 0:48:11]} Nf6 {[%clk 1:12:14]} 19. h3
{[%clk 0:48:26]} Bf5 {[%clk 1:12:25]} 20. Rfe1 {[%clk 0:45:58]} Nd5
{[%clk 1:07:04]} 21. Be5 {[%clk 0:45:30]} O-O {[%clk 0:56:42]} 22. c3
{[%clk 0:39:11]} Rfd8 {[%clk 0:53:32]} 23. Nb3 {[%clk 0:38:58]} Rac8
{[%clk 0:40:26]} 24. d4 {[%clk 0:34:46]} c5 {[%clk 0:38:55]} 25. Bf1
{[%clk 0:25:51]} cxd4 {[%clk 0:38:27]} 26. Nxd4 {[%clk 0:26:09]} a6
{[%clk 0:20:02]} 27. Nxf5 {[%clk 0:16:26]} exf5 {[%clk 0:20:20]} 28. Rad1
{[%clk 0:16:45]} Bc5 {[%clk 0:11:50]} 29. Bd3 {[%clk 0:15:44]} g6
{[%clk 0:11:20]} 30. Bc4 {[%clk 0:13:14]} Bxf2+ {[%clk 0:06:04]} 31. Kxf2
{[%clk 0:13:36]} Rxc4 {[%clk 0:06:33]} 32. Bf6 {[%clk 0:13:52]} Nxf6
{[%clk 0:05:52]} 33. Rxd8+ {[%clk 0:14:14]} Kg7 {[%clk 0:06:12]} 34. Re7
{[%clk 0:14:02]} Ne4+ {[%clk 0:04:45]} 35. Ke3 {[%clk 0:11:42]} Ra4
{[%clk 0:02:09]} 36. Rdd7 {[%clk 0:11:18]} f4+ {[%clk 0:01:00]} 37. Ke2
{[%clk 0:11:03]} Ng5 {[%clk 0:01:18]} 38. Rxb7 {[%clk 0:10:50]} Kf6
{[%clk 0:01:03]} 39. Rec7 {[%clk 0:10:29]} Rxa5 {[%clk 0:01:05]} 40. h4
{[%clk 0:40:43]} Ne6 {[%clk 0:31:04]} 41. Rxf7+ {[%clk 0:41:05]} Ke5
{[%clk 0:31:25]} 42. Rxh7 {[%clk 0:41:22]} Ra1 {[%clk 0:31:16]} 43. h5
{[%clk 0:41:37]} g5 {[%clk 0:31:04]} 44. Rhe7 {[%clk 0:41:20]} Kf6
{[%clk 0:30:55]} 45. h6 {[%clk 0:41:17]} Rh1 {[%clk 0:30:48]} 46. h7
{[%clk 0:41:31]} g4 {[%clk 0:30:17]} 47. Re8 {[%clk 0:40:55]} f3+
{[%clk 0:29:27]} 48. gxf3 {[%clk 0:39:18]} gxf3+ {[%clk 0:27:22]} 49. Kxf3
{[%clk 0:39:32]} Ng5+ {[%clk 0:26:33]} 1-0

[Event "World Chess Olympiad 2018"]
[Site "Batumi"]
[Date "2018.10.05"]
[Round "11"]
[Board "4"]
[WhiteFideId "6600581"]
[White "Tapia Alexei"]
[BlackFideId "10200649"]
[Black "Hossain Enamul"]
[Result "1/2-1/2"]
[LiveChessVersion "1.4.8"]
[BlackElo "2452"]
[WhiteElo "2193"]

1. Nf3 {[%clk 1:30:55]} c5 {[%clk 1:30:19]} 2. c4 {[%clk 1:31:07]} g6
{[%clk 1:29:45]} 3. b3 {[%clk 1:29:54]} Bg7 {[%clk 1:30:06]} 4. Nc3
{[%clk 1:30:20]} Nc6 {[%clk 1:29:42]} 5. Bb2 {[%clk 1:30:03]} d6 {[%clk 1:28:59]}
6. e3 {[%clk 1:27:06]} e5 {[%clk 1:27:07]} 7. d3 {[%clk 1:19:42]} Nge7
{[%clk 1:24:33]} 8. Be2 {[%clk 1:18:45]} O-O {[%clk 1:24:28]} 9. O-O
{[%clk 1:17:23]} h6 {[%clk 1:22:33]} 10. Qd2 {[%clk 1:09:27]} f5 {[%clk 1:20:03]}
11. Nd5 {[%clk 0:56:00]} Nxd5 {[%clk 1:17:16]} 12. cxd5 {[%clk 0:56:23]} Ne7
{[%clk 1:17:38]} 13. e4 {[%clk 0:49:56]} g5 {[%clk 1:16:46]} 14. b4
{[%clk 0:46:15]} b6 {[%clk 1:16:40]} 15. Ne1 {[%clk 0:45:21]} Qe8
{[%clk 1:10:32]} 16. a4 {[%clk 0:41:34]} a5 {[%clk 1:08:25]} 17. bxc5
{[%clk 0:40:11]} bxc5 {[%clk 1:08:53]} 18. Bc3 {[%clk 0:39:07]} Qg6
{[%clk 1:08:28]} 19. f3 {[%clk 0:37:57]} h5 {[%clk 1:08:00]} 20. Nc2
{[%clk 0:32:20]} g4 {[%clk 1:01:28]} 21. Rfb1 {[%clk 0:23:42]} Bh6
{[%clk 0:49:34]} 22. Qe1 {[%clk 0:20:37]} fxe4 {[%clk 0:34:35]} 23. fxe4
{[%clk 0:20:27]} Qf6 {[%clk 0:34:58]} 24. Bd2 {[%clk 0:16:41]} Bxd2
{[%clk 0:31:31]} 25. Qxd2 {[%clk 0:17:09]} Ng6 {[%clk 0:31:54]} 26. Rf1
{[%clk 0:13:54]} Nf4 {[%clk 0:29:10]} 27. g3 {[%clk 0:13:55]} Nh3+
{[%clk 0:27:29]} 28. Kg2 {[%clk 0:14:09]} Qg7 {[%clk 0:26:24]} 29. Rxf8+
{[%clk 0:14:04]} Qxf8 {[%clk 0:26:46]} 30. Rf1 {[%clk 0:13:52]} Qg7
{[%clk 0:27:07]} 31. Ne3 {[%clk 0:12:52]} Bd7 {[%clk 0:23:14]} 32. Nc4
{[%clk 0:10:44]} Rf8 {[%clk 0:23:35]} 33. Bd1 {[%clk 0:10:29]} Rxf1
{[%clk 0:14:22]} 34. Kxf1 {[%clk 0:10:57]} Qf6+ {[%clk 0:14:09]} 35. Ke1
{[%clk 0:10:08]} h4 {[%clk 0:14:02]} 36. Nxa5 {[%clk 0:07:24]} hxg3
{[%clk 0:13:58]} 37. hxg3 {[%clk 0:07:50]} Ng5 {[%clk 0:14:19]} 38. Qf2
{[%clk 0:07:28]} Qh6 {[%clk 0:14:08]} 39. Nc4 {[%clk 0:06:16]} Qh1+
{[%clk 0:07:18]} 40. Qf1 {[%clk 0:34:41]} Qh2 {[%clk 0:36:53]} 41. Qf2
{[%clk 0:33:31]} Qh1+ {[%clk 0:37:21]} 42. Kd2 {[%clk 0:28:45]} Nf3+
{[%clk 0:32:47]} 43. Bxf3 {[%clk 0:22:50]} gxf3 {[%clk 0:32:46]} 44. a5
{[%clk 0:17:30]} Bb5 {[%clk 0:32:30]} 45. Ke3 {[%clk 0:10:17]} Bxc4
{[%clk 0:30:26]} 46. dxc4 {[%clk 0:10:27]} Qc1+ {[%clk 0:30:52]} 47. Qd2
{[%clk 0:08:56]} Qxc4 {[%clk 0:30:44]} 48. Kxf3 {[%clk 0:09:15]} Kf7
{[%clk 0:29:00]} 49. Ke3 {[%clk 0:06:52]} Qa4 {[%clk 0:18:52]} 50. Qf2+
{[%clk 0:06:05]} Kg7 {[%clk 0:16:08]} 51. Qf5 {[%clk 0:06:06]} Qa3+
{[%clk 0:15:06]} 52. Kf2 {[%clk 0:05:59]} c4 {[%clk 0:13:51]} 53. Qd7+
{[%clk 0:02:20]} Kg6 {[%clk 0:13:24]} 54. Qe6+ {[%clk 0:01:52]} Kg7
{[%clk 0:12:45]} 55. Qe7+ {[%clk 0:01:24]} 1/2-1/2